000 01213nam a22003377a 4500
003 CHAP
005 20220329141535.0
008 971013s1985 r 00010 d
010 _a69850
011 _a70822
035 _a80375
040 _cCHAP
082 _a719.36
_bK5
100 0 0 _aKikkawa, Jiro.
_963194
245 _aWildlife management in the forests and forestry - controlled lands in the tropics and the southern hemisphere
260 _aSt. Lucia, Australia :
_bInternational Union of Foresty Research Organization,
_c1985
300 _a77 p.
500 _aD18-130
590 _aBATCH-UPD
_b10
_c20130110
_lUCH01
_h0324
590 _aBATCH-UPD
_b10
_c20130110
_lUCH01
_h1627
590 _aBATCH-UPD
_b10
_c20130409
_lUCH01
_h2357
590 _aBATCH-UPD
_b10
_c20130410
_lUCH01
_h1530
590 _aBATCH-UPD
_b10
_c20130914
_lUCH01
_h1708
590 _aCONVERSION
_b10
_c20130109
_lUCH01
_h1338
650 1 4 _aVida silvestre y bosques.
_9119214
650 1 4 _aVida silvestre
_xTrópicos.
_9119201
710 0 _aOrganización Internacional de Organizaciones de Investigación Forestal.
_983546
901 _aBK
942 _cLIBRO
949 _a719.36 K5
_bBC
_cLIBRO
_d33724000134243
_eLIBRO
_h73820
_i80375
_si
999 _c69850
_d69850